| 000 | 00636nam a2200181 a 4500 | ||
|---|---|---|---|
| 008 | 120416s1999 ||||||||||||||||| || u | ||
| 020 | _a0340700939 | ||
| 050 | _aRD 93 Tra | ||
| 100 | _aAlpar, Emin Kaya | ||
| 245 | 1 | 0 |
_aTrauma: a scientific basis for care _cedited by Emin Kaya Alpar; Gosling, Peter |
| 260 |
_aLondon: _bArnold _c1999 |
||
| 300 | _aviii, 383p. : ill. | ||
| 350 | _a0.00 | ||
| 650 | _aMEDICINE | ||
| 650 | _aTRAUMA | ||
| 700 | _aGosling, Peter | ||
| 995 |
_D0.00 _FCBU-MAIN LIBRARY (Kitwe) _H1 _I35.00 _M1 _UAVAILABLE _WApr 20, 2007 _ZMain Library Open Access Collection |
||
| 999 |
_c60384 _d60384 |
||